MARC details
| 000 -CABECERA |
| campo de control de longitud fija |
01406nam a2200337 a 4500 |
| 001 - NÚMERO DE CONTROL |
| campo de control |
000000813 |
| 003 - IDENTIFICADOR DEL NÚMERO DE CONTROL |
| campo de control |
DO-SdBNP |
| 005 - FECHA Y HORA DE LA ÚLTIMA TRANSACCIÓN |
| campo de control |
20251203091641.0 |
| 008 - DATOS DE LONGITUD FIJA--INFORMACIÓN GENERAL |
| campo de control de longitud fija |
090522s1998 sp 000 0 spa d |
| 020 ## - NÚMERO INTERNACIONAL ESTÁNDAR DEL LIBRO |
| Número Internacional Estándar del Libro |
8474322154 |
| 020 ## - NÚMERO INTERNACIONAL ESTÁNDAR DEL LIBRO |
| Número Internacional Estándar del Libro |
9788474322156 |
| 040 ## - FUENTE DE LA CATALOGACIÓN |
| Centro catalogador/agencia de origen |
DO-SdBNP |
| Lengua de catalogación |
spa |
| Centro/agencia transcriptor |
BNPHU |
| 041 17 - CÓDIGO DE LENGUA |
| Código de lengua del texto/banda sonora o título independiente |
spa |
| Fuente del código |
eng |
| 082 #4 - NÚMERO DE LA CLASIFICACIÓN DECIMAL DEWEY |
| Número de clasificación |
782.1 |
| Número de documento/Ítem |
O81c |
| Número de edición |
22 |
| 100 1# - ENTRADA PRINCIPAL--NOMBRE DE PERSONA |
| Nombre de persona |
Osborne, Charles |
| 9 (RLIN) |
2831 |
| 240 ## - TÍTULO UNIFORME |
| Título uniforme |
How to Enjoy Opera |
| Lenguaje de la obra |
Español |
| 245 10 - MENCIÓN DE TÍTULO |
| Título |
Como disfrutar de la ópera : |
| Resto del título |
guía prática. Incluye la sinopsis de las cien óperas más famosas / |
| Mención de responsabilidad, etc. |
Charles Osborne ; traducción Eduardo Dulitzky ; Introducción Melvyn Bragg. |
| 250 ## - MENCIÓN DE EDICIÓN |
| Mención de edición |
3a ed. |
| 260 ## - PUBLICACIÓN, DISTRIBUCIÓN, ETC. |
| Lugar de publicación, distribución, etc. |
Barcelona : |
| Nombre del editor, distribuidor, etc. |
Gedisa, |
| Fecha de publicación, distribución, etc. |
1998. |
| 300 ## - DESCRIPCIÓN FÍSICA |
| Extensión |
173 p. ; |
| Dimensiones |
20 cm. |
| 490 0# - MENCIÓN DE SERIE |
| Mención de serie |
Práctica |
| 500 ## - NOTA GENERAL |
| Nota general |
Incluye glosario: p. 147-162 |
| 500 ## - NOTA GENERAL |
| Nota general |
Incluye datos de la obra en la contracubierta |
| 504 ## - NOTA DE BIBLIOGRAFÍA, ETC. |
| Nota de bibliografía, etc. |
Bibliografía: p.163-164 |
| 505 0# - NOTA DE CONTENIDO CON FORMATO |
| Nota de contenido con formato |
Introducción / Melvyn Bragg -- Qué es la ópera -- Los elementos esenciales de la ópera -- Dónde encontrar ópera -- El lenguaje de la ópera -- Primeras óperas -- La ópera en el siglo XVIII -- La ópera en el siglo XIX -- La ópera en el siglo XX -- El futuro de la ópera -- Cien óperas para disfrutar -- Glosario -- Bibliografía. |
| 650 #0 - PUNTO DE ACCESO ADICIONAL DE MATERIA--TÉRMINO DE MATERIA |
| Término de materia o nombre geográfico como elemento de entrada |
Ópera |
| 9 (RLIN) |
2832 |
| 700 1# - PUNTO DE ACCESO ADICIONAL--NOMBRE DE PERSONA |
| Nombre de persona |
Dulitzky, Eduardo |
| Término indicativo de función/relación |
tr. |
| 9 (RLIN) |
2834 |
| 700 1# - PUNTO DE ACCESO ADICIONAL--NOMBRE DE PERSONA |
| Nombre de persona |
Bragg, Melvyn |
| 9 (RLIN) |
2835 |
| 830 #0 - PUNTO DE ACCESO ADICIONAL DE SERIE-TÍTULO UNIFORME |
| Título uniforme |
Práctica |
| 9 (RLIN) |
2836 |
| 942 ## - ELEMENTOS DE PUNTO DE ACCESO ADICIONAL (KOHA) |
| Fuente del sistema de clasificación o colocación |
Dewey Decimal Classification |
| Tipo de ítem Koha |
Libro |